LIBRARY & INFORMATION CENTRE, KCAET, TAVANUR

ONLINE PUBLIC ACCESS CATALOGUE (OPAC)

CSAT Civil services aptitude test (Record no. 13849)

MARC details
000 -LEADER
fixed length control field 00292nam a22001217a 4500
020 ## - INTERNATIONAL STANDARD BOOK NUMBER
ISBN 978 93 5012 074 3
082 ## - DEWEY DECIMAL CLASSIFICATION NUMBER
Classification number 028.702 GUP/CS
100 ## - MAIN ENTRY--AUTHOR NAME
Personal name Gupta R
245 ## - TITLE STATEMENT
Title CSAT Civil services aptitude test
260 ## - PUBLICATION, DISTRIBUTION, ETC. (IMPRINT)
Place of publication New Delhi
Name of publisher Ramesh Publishing House
Year of publication 2012
300 ## - PHYSICAL DESCRIPTION
Number of Pages 7.084
942 ## - ADDED ENTRY ELEMENTS (KOHA)
Koha item type Books
Holdings
Withdrawn status Lost status Damaged status Collection code Home library Current library Shelving location Date acquired Source of acquisition Cost, normal purchase price Full call number Accession Number Koha item type
      Reference KAUAET KAUAET Reference 31/03/2012 Penta Books,Calicut 449.00 028.702 GUP/CS 23469 Books
free website counter